[Event "Turkey IS Bank Super League 2017"]
[Site "Darica-Kocaeli"]
[Date "2017.07.30"]
[Round "5"]
[White "Arat, Ufuk Sezen"]
[Black "Sanal, Vahap"]
[Result "0-1"]
[WhiteElo "2400"]
[BlackElo "2533"]
[Annotator "TA"]
[PlyCount "113"]
[EventType "team-tourn"]
[EventCountry "TUR"]
[SourceTitle "playchess.com"]
[Source "ChessBase"]
[SourceQuality "1"]

{[%evp 19,113,38,83,84,82,78,103,34,61,22,22,9,9,9,11,15,13,20,16,0,0,0,8,0,0,-6,-7,-7,-10,-3,0,-14,-7,-10,-10,-11,-15,0,0,-51,0,0,0,0,0,0,0,0,0,-346,-341,-461,-488,-452,-468,-537,-527,-508,-469,-449,-403,-659,-660,-688,-688,-688,-688,-688,-688,-688,-688,-688,-688,-662,-648,-29963,-562,-6394,-558,-534,-513,-562,-551,-536,-535,-520,-520,-487,-453,-600,-600,-600,-600,-570,-563,-556]} 1. d4 Nf6 2. c4 e6 3. g3 Bb4+ 4. Bd2 Bxd2+ 5. Nxd2 d5 6. Ngf3 c6 7. Bg2 Nbd7 8. O-O O-O 9. Qc2 {E11: Bogo-Indian} (9. Rc1 b6 10. cxd5 cxd5 11. a4 Re8 {½-½ (11) Sumets,A (2569)-Bogdanovich,S (2574) Konya 2017}) 9... b6 10. e4 Ba6 {LiveBook: 4 Games} 11. e5 {White is better.} Ne8 12. Rfe1 Bb7 $146 ({Predecessor:} 12... Rc8 13. c5 bxc5 14. dxc5 Qa5 15. Ng5 g6 16. Rac1 Rb8 {½-½ (76) Sharafiev,A (2433)-Sanal,V (2286) Plovdiv 2012}) 13. c5 (13. cxd5 $16 cxd5 14. Rac1) 13... a5 14. a4 Nc7 15. Bf1 Na6 16. Nb3 Nb4 17. Qc3 Ba6 18. Bxa6 Rxa6 19. Kg2 Ra7 20. h4 Qc7 21. h5 h6 22. Rec1 bxc5 23. Nxc5 Nxc5 24. dxc5 Rb7 25. b3 {[#]} d4 $1 {[%mdl 512]} 26. Qxd4 Rd8 27. Qe4 Rd5 28. Rd1 Na6 29. Rac1 (29. Qc2 $11) 29... Nxc5 ({Better is} 29... Rxb3 $15 30. Qc4 Qb7) 30. Qc2 $11 Nxb3 31. Rxd5 $1 exd5 32. Rb1 {[#]} Nc5 $1 {[%cal Rc5e6][%mdl 512]} 33. Rc1 $1 (33. Qxc5 Rxb1) 33... Ne4 {Strongly threatening ...Rb4.} 34. Nd4 $2 {[%mdl 8192]} (34. Qxc6 $11 {and White is okay.} Qxc6 35. Rxc6) 34... c5 $19 (34... Qxe5 $2 35. Nxc6 Qf6 36. Ne5 $19) 35. e6 fxe6 36. Qe2 Qe5 37. Nb5 {and the idea Rxc5! leaves White hopeful.} Qg5 38. Nd6 Nxd6 39. Qxe6+ Rf7 40. Rxc5 (40. f4 $142 Qf6 41. Qxf6 gxf6 42. Rxc5) 40... Qd2 41. Rxd5 Qxf2+ 42. Kh3 Qf1+ 43. Kg4 Qf3+ 44. Kh3 Qh1+ 45. Kg4 {[#]} Qe4+ $1 46. Qxe4 Nxe4 47. Rxa5 {[%mdl 4096] Endgame KRN-KR} Nf2+ 48. Kh4 {Black is clearly winning.} Rc7 (48... Rf3 $142 49. Ra8+ Kh7) 49. Rf5 Rc2 50. a5 Ra2 51. g4 Ne4 {[%cal Ra2h2]} 52. Kh3 Ra3+ 53. Kg2 Kh7 54. Rf4 Nf6 55. Rd4 Rxa5 56. Kf3 Nxh5 57. gxh5 {Precision: White = 45%, Black = 74%.} 0-1

[Event "Turkey IS Bank Super League 2017"]
[Site "Darica-Kocaeli"]
[Date "2017.07.30"]
[Round "5"]
[White "Nomin-Erdene, Davaademberel"]
[Black "Tanriverdi, Enes"]
[Result "1-0"]
[WhiteElo "2373"]
[BlackElo "2203"]
[Annotator "NA"]
[PlyCount "111"]
[EventType "team-tourn"]
[EventCountry "TUR"]
[SourceTitle "playchess.com"]
[Source "ChessBase"]
[SourceQuality "1"]
[TimeControl "40/5400+30:1800+30"]

1. e4 {[%emt 0:00:30]} c5 {[%emt 0:01:00]} 2. Nf3 {[%emt 0:00:30]} e6 {[%emt 0:00:30]} 3. d4 {[%emt 0:00:30]} cxd4 {[%emt 0:00:00]} 4. Nxd4 {[%emt 0:00:00]} Nc6 {[%emt 0:00:00]} 5. Nc3 {[%emt 0:00:00]} Qc7 {[%emt 0:00:00]} 6. Be3 {[%emt 0:00:30]} a6 {[%emt 0:00:00]} 7. Qf3 {[%emt 0:00:30] B48: Sicilian: Taimanov: 5 Nc3 Qc7 6 Be3 a6 without Be2} Bd6 {[%emt 0:00:00]} 8. O-O-O {[%emt 0:00:30]} Be5 {[%emt 0:00:00] LiveBook: 81 Games} 9. g3 {[%emt 0:00:00]} Nge7 {[%emt 0:00:30]} 10. Qh5 $146 {[%emt 0:04:00]} ({Find the theoretical novelty and annotate with similar games:} 10. Qe2 O-O 11. f4 Bxd4 12. Bxd4 Nxd4 13. Rxd4 e5 14. Rd1 exf4 {1-0 (49) Caruana,F (2813)-Movsesian,S (2677) Douglas 2016}) 10... O-O {[%emt 0:06:30]} 11. f4 {[%emt 0:00:30]} Bxd4 {[%emt 0:00:30]} 12. Bxd4 {[%emt 0:00:00]} Nxd4 {[%emt 0:00:30]} 13. Rxd4 {[%emt 0:00:00]} b5 {[%emt 0:05:30]} 14. Be2 {[%emt 0:05:30]} Nc6 {[%emt 0:02:30]} (14... Bb7 $11) 15. Rd2 {[%emt 0:07:30]} ({White should play} 15. Qc5 $14) 15... d6 {[%emt 0:07:30]} 16. Rhd1 {[%emt 0:01:30]} b4 {[%emt 0:01:30]} 17. Na4 $11 {[%emt 0:03:30]} e5 {[%emt 0:01:30]} 18. Rxd6 {[%emt 0:16:30]} Nd4 {[%emt 0:00:30]} 19. R1xd4 {[%emt 0:01:30]} exd4 {[%emt 0:00:30]} 20. Qc5 {[%emt 0:03:30]} Qxc5 {[%emt 0:12:30]} 21. Nxc5 {[%emt 0:00:30]} a5 {[%emt 0:00:30]} 22. Rxd4 {[%emt 0:01:30]} Bh3 {[%emt 0:14:30]} 23. Bc4 {[%emt 0:07:30]} Rfc8 {[%emt 0:07:30]} 24. Na4 {[%emt 0:13:30]} Rd8 {[%emt 0:02:30]} 25. Bd5 {[%emt 0:00:30]} Be6 {[%emt 0:00:30]} 26. Nc5 {[%emt 0:02:30]} Bxd5 {[%emt 0:01:30]} 27. exd5 {[%emt 0:00:30]} Rd6 {[%emt 0:24:31]} 28. c4 {[%emt 0:06:30]} bxc3 {[%emt 0:01:17]} 29. bxc3 {[%emt 0:00:00]} Kf8 {[%emt 0:01:44]} 30. c4 {[%emt 0:01:00]} Rb8 {[%emt 0:00:12]} 31. Kc2 {[%emt 0:01:30]} Ke8 {[%emt 0:01:42]} 32. Nd3 {[%emt 0:01:30]} Rdb6 {[%emt 0:04:11]} 33. c5 {[%emt 0:00:30]} Rb1 {[%emt 0:00:00]} 34. c6 {[%emt 0:03:20]} Rh1 {[%emt 0:00:43]} 35. c7 {[%emt 0:01:53]} Rxh2+ {[%emt 0:00:30]} 36. Kc3 {[%emt 0:00:00]} Rc8 {[%emt 0:02:57]} 37. d6 {[%emt 0:00:13]} Kd7 {[%emt 0:00:00]} 38. Nc5+ {[%emt 0:00:05]} Kc6 {[%emt 0:00:18]} 39. d7 {[%emt 0:00:30]} Kxc7 {[%emt 0:00:00]} 40. dxc8=Q+ {[%emt 0:01:35]} Kxc8 {[%emt 0:00:00]} 41. a4 {[%emt 0:00:24]} Rg2 {[%emt 0:01:25]} 42. Rd3 {[%emt 0:00:30]} Kc7 {[%emt 0:00:00]} 43. Ne4 {[%emt 0:01:30]} f6 {[%emt 0:00:00]} 44. Rd5 {[%emt 0:02:30]} Kb6 {[%emt 0:01:30]} 45. Rb5+ {[%emt 0:00:30]} Kc6 {[%emt 0:00:30]} 46. Rxa5 {[%emt 0:00:00]} Rg1 {[%emt 0:00:30]} 47. Rc5+ {[%emt 0:02:00]} Kb6 {[%emt 0:00:30]} 48. a5+ {[%emt 0:01:30]} Ka6 {[%emt 0:00:00]} 49. Kc4 {[%emt 0:00:30]} Rd1 {[%emt 0:00:00]} 50. Nc3 {[%emt 0:01:30]} Rg1 {[%emt 0:00:30]} 51. Nd5 {[%emt 0:00:00]} Rxg3 {[%emt 0:00:30]} 52. Nb4+ {[%emt 0:00:00]} Kb7 {[%emt 0:00:30]} 53. Kb5 {[%emt 0:00:30]} h5 {[%emt 0:00:30]} 54. a6+ {[%emt 0:00:30]} Kb8 {[%emt 0:00:00]} 55. Kb6 {[%emt 0:00:00]} Ra3 {[%emt 0:00:00]} 56. a7+ {[%emt 0:00:00]} 1-0

[Event "Turkey IS Bank Super League 2017"]
[Site "Darica-Kocaeli"]
[Date "2017.07.30"]
[Round "5"]
[White "Mammadova, Gulnar"]
[Black "Ushenina, Anna"]
[Result "1-0"]
[WhiteElo "2357"]
[BlackElo "2458"]
[Annotator "TA"]
[PlyCount "73"]
[EventType "team-tourn"]
[EventCountry "TUR"]
[SourceTitle "playchess.com"]
[Source "ChessBase"]
[SourceQuality "1"]

{[%evp 17,73,20,27,0,4,14,6,1,0,-69,-58,-60,-54,-57,-72,-64,-81,-70,-55,-72,-71,-75,-45,-49,-44,-57,-68,-65,-59,-66,0,0,18,20,39,11,47,7,102,82,218,218,256,258,259,207,395,381,413,416,545,556,545,504,745,685,29981,29982]} 1. e4 c5 2. Nf3 d6 3. Bb5+ Bd7 4. c4 Nf6 5. Nc3 g6 (5... a6 6. Bxd7+ Nbxd7 7. O-O Rc8 8. Re1 e6 9. b3 Ne5 10. d3 Be7 11. Bf4 Nfd7 12. Nxe5 dxe5 {½-½ (29) Vachier Lagrave,M (2804)-Grischuk,A (2737) Doha 2016}) 6. d4 {B52: Sicilian: Moscow Variation with 3...Bd7} cxd4 7. Nxd4 Bg7 8. O-O O-O 9. h3 Nc6 {LiveBook: 5 Games} 10. Bxc6 bxc6 11. c5 a5 12. Be3 $146 ({Predecessor:} 12. cxd6 exd6 {0-1 (53) Prithu,G (2219)-Larson,M (2330) Stockholm 2016}) 12... Qb8 13. Qc2 (13. Qd2 $11) 13... e5 $15 14. Nde2 d5 {Hoping for ...d4.} 15. Bg5 {next Bxf6 is good for White.} Nxe4 16. Nxe4 dxe4 17. Rfd1 Ra7 {[%cal Ba8a7,Ba7b7,Bb7b4,Bb4h4,Bh4h5][%mdl 32]} 18. Be7 Re8 19. Bd6 Qc8 20. Qxe4 Rb7 21. b3 Rb4 22. Qc2 Rh4 23. Qc3 {[#]} e4 (23... Bxh3 $1 $15 {[%mdl 512]} 24. gxh3 e4) 24. Qg3 $11 Rh5 25. Rac1 g5 26. Bc7 Be6 (26... Bxh3 $5 27. gxh3 Rxh3 $14) 27. Nd4 Bd5 (27... Bd7 $11 {remains equal.}) 28. Qg4 $36 {[%mdl 2048] White has strong initiative.} Qxg4 (28... Rh6 $16 29. Qxc8 (29. Bxa5 Qxg4 30. hxg4 Ra8 $16) 29... Rxc8 30. Bxa5 Ra8) 29. hxg4 $18 Rh4 30. Nf5 ({Not} 30. Bxa5 Ra8 $11) 30... Rxg4 31. g3 ({Less strong is} 31. Bxa5 Rf4 $14) 31... e3 $2 (31... a4 {might work better.}) 32. Nxe3 Rxe3 33. fxe3 a4 {[#]} 34. Rxd5 $1 {[%mdl 512]} cxd5 35. c6 axb3 {[#]} 36. Bf4 $1 {[%mdl 512] Strongly threatening c7.} Be5 (36... gxf4 37. c7) 37. Bxe5 {Precision: White = 71%, Black = 18%.} 1-0

[Event "Turkey IS Bank Super League 2017"]
[Site "Darica-Kocaeli"]
[Date "2017.07.30"]
[Round "5"]
[White "Kerigan, Demre"]
[Black "Benidze, Davit"]
[Result "0-1"]
[WhiteElo "2354"]
[BlackElo "2515"]
[Annotator "TA"]
[PlyCount "126"]
[EventType "team-tourn"]
[EventCountry "TUR"]
[SourceTitle "playchess.com"]
[Source "ChessBase"]
[SourceQuality "1"]

{[%evp 9,126,36,74,48,83,54,70,46,63,50,75,2,-2,-12,-7,-14,-8,-45,0,-15,0,0,0,0,0,-48,-41,-49,-44,-131,-76,-63,-87,-83,-81,-94,-65,-68,-67,-66,-56,-92,-65,-70,-58,-70,-57,-63,-12,-12,-12,-12,-12,-12,-12,-12,-6,-32,-38,-16,-23,-29,-7,-21,0,-35,-25,-35,0,0,0,0,-4,-131,-135,-142,-152,-149,-133,-136,-155,-168,-114,-363,-91,-112,-152,-141,-131,-119,-103,-118,-114,-112,-93,-56,-83,-97,-14,-40,0,0,0,-270,-276,-281,-278,-291,-276,-311,-277,-411,-332,-6023,-2046,-12844,-12844,-12847,-12847]} 1. e4 g6 2. d4 Bg7 3. Nc3 d6 4. Bg5 a6 5. Qd2 c6 (5... Nd7 6. f4 b5 7. Nf3 Bb7 8. O-O-O b4 9. Nd5 Bxd5 10. exd5 Ngf6 11. Qxb4 Nxd5 12. Qa5 N5f6 {0-1 (36) Kovalev,V (2598)-Smirin,I (2670) Moscow 2017}) 6. Nf3 {B06: Modern Defence} Nd7 7. h4 $146 ({Predecessor:} 7. a4 Qa5 8. Bd3 e5 9. dxe5 dxe5 10. O-O Ngf6 11. h3 O-O 12. Rfd1 Re8 13. Bc4 {1-0 (38) Stevic,H (2506)-Biti,O (2378) Pula 2007}) 7... h5 8. Bc4 {White is slightly better.} b5 {[%cal Bb7b5,Bb5b4][%mdl 32]} 9. Bb3 Qc7 10. a4 (10. O-O $16) 10... b4 $1 $11 {[%cal Rb4c3]} 11. Ne2 Ngf6 12. Ng3 (12. Bxf6 $5 Bxf6 13. Qxb4 $11) 12... c5 13. a5 Bb7 14. O-O O-O 15. Rfe1 cxd4 16. Nxd4 Nc5 {[%cal Rf6e4]} 17. f3 (17. Bh6 $5 {[%cal Rh6g7]} Nfxe4 18. Nxe4 Nxe4 19. Rxe4 Bxe4 20. Bxg7 Kxg7 21. Re1 $17) 17... Nh7 18. Bh6 Nxb3 19. Nxb3 (19. cxb3 $15 Bxh6 20. Qxh6) 19... Bxh6 (19... Bxb2 $142 {Threatens to win with ...Bc3.} 20. Bxf8 Bc3) 20. Qxh6 $17 Qxc2 21. Nd4 {[#]} Qc5 $1 {[%cal Rc5d4]} ({Don't go for} 21... Qxb2 $2 22. Nge2 $18) 22. Qe3 e5 (22... Rfc8 {with more complications.} 23. Nf1 Nf6 24. Nb3 Qe5 25. Ra4 Qb5) 23. Nb3 Qxe3+ 24. Rxe3 Nf6 25. Ra4 Bc6 26. Rxb4 Bb5 27. Re1 Rab8 28. Nd2 d5 (28... Rfc8 $15) 29. exd5 $1 $11 Nxd5 30. Rb3 $1 f6 31. Nge4 Rfd8 32. Nb1 Kf7 33. Na3 Bc6 34. Rxb8 Rxb8 35. Rc1 Nb4 36. Nc4 Rd8 (36... Bxe4 $5 37. Nd6+ Ke7 38. Nxe4 f5 $15) 37. Nb6 Bxe4 38. fxe4 $15 {[%mdl 4096] Endgame KRN-KRN} Rd2 39. Rc7+ Ke6 40. Rg7 Rd4 41. Rxg6 (41. Na4 $1 $11) 41... Rxe4 $17 42. g3 Re1+ 43. Kg2 Re2+ 44. Kg1 Rxb2 45. g4 hxg4 (45... Rb1+ $19 46. Kh2 Rb2+ 47. Kg1 hxg4 48. Rxg4 Kf5) 46. h5 $2 (46. Rxg4 $17 Nc2 47. Rg8) 46... Nc6 $2 (46... Kf5 $19 {has better winning chances. Strongly threatening ...e4.} 47. Rg7 Kf4) 47. Nc4 Rb3 48. Nd2 Rb8 49. Ne4 {[#]} Rf8 $1 ({Much worse is} 49... Nxa5 $6 50. Nxf6 Rb1+ 51. Kg2 $11) 50. Rxg4 Kf5 51. Rh4 Nxa5 52. Ng3+ Kg5 53. Ra4 Nc6 (53... Nb3 $17 {And now ...a5 would win.} 54. Rxa6 Nc5) 54. Rxa6 Nd4 {White must now prevent ...Rg8.} (54... Nb4 $5 {[%cal Rb4a6]} 55. Ra7 Kf4 $15) 55. Kf2 Kg4 56. Ra4 $2 {[%mdl 8192]} (56. h6 $11) 56... Rb8 $19 57. Ne4 f5 ({Worse is} 57... Kxh5 58. Nxf6+ Kg6 59. Nd7 $11) 58. Nf6+ Kg5 59. Ra6 {and the idea h6! leaves White hopeful.} Rb2+ 60. Kf1 (60. Ke3 $142) 60... Rh2 61. Nd7 $2 (61. Nd5) 61... e4 {[%cal Be5e4,Be4e3][%mdl 32] Black is clearly winning.} 62. Rg6+ Kf4 {( -> ...e3)} 63. Nf6 e3 {Precision: White = 40%, Black = 54%.} 0-1

[Event "Turkey IS Bank Super League 2017"]
[Site "Darica-Kocaeli"]
[Date "2017.07.30"]
[Round "5"]
[White "Unuk, Laura"]
[Black "Osmak, Iulija"]
[Result "1-0"]
[WhiteElo "2343"]
[BlackElo "2353"]
[Annotator "NA"]
[PlyCount "105"]
[EventType "team-tourn"]
[EventCountry "TUR"]
[SourceTitle "playchess.com"]
[Source "ChessBase"]
[SourceQuality "1"]
[TimeControl "40/5400+30:1800+30"]

1. d4 {[%emt 0:00:30]} d5 {[%emt 0:01:00]} 2. c4 {[%emt 0:00:30]} c6 {[%emt 0:00:30]} 3. Nf3 {[%emt 0:00:30]} Nf6 {[%emt 0:00:00]} 4. Nc3 {[%emt 0:00:00]} dxc4 {[%emt 0:01:00]} 5. a4 $11 {[%emt 0:00:00]} Bf5 {[%emt 0:00:00] LiveBook: 10757 Games} 6. e3 {[%emt 0:00:30]} e6 {[%emt 0:00:00]} 7. Bxc4 {[%emt 0:00:00]} Bb4 {[%emt 0:00:30]} 8. O-O {[%emt 0:00:00]} O-O {[%emt 0:00:00]} 9. Nh4 {[%emt 0:00:30]} Nbd7 {[%emt 0:02:00]} 10. f3 {[%emt 0:00:30]} c5 {[%emt 0:07:30]} 11. Na2 {[%emt 0:20:30]} Ba5 {[%emt 0:23:30]} 12. Nxf5 {[%emt 0:12:30]} exf5 {[%emt 0:00:30]} 13. dxc5 {[%emt 0:01:30]} Bc7 {[%emt 0:00:30]} 14. Qc2 {[%emt 0:03:30]} Nxc5 {[%emt 0:02:30]} 15. b4 {[%emt 0:09:30]} Ncd7 {[%emt 0:02:30]} 16. Qxf5 {[%emt 0:03:30]} Be5 {[%emt 0:00:30]} 17. Rb1 {[%emt 0:01:30]} Qc7 {[%emt 0:00:30]} 18. f4 {[%emt 0:00:30]} Qxc4 {[%emt 0:01:30]} 19. fxe5 {[%emt 0:01:30]} Nxe5 {[%emt 0:09:30]} 20. Qxe5 {[%emt 0:03:30]} Qxa2 {[%emt 0:00:30]} 21. Bb2 {[%emt 0:00:00]} Ne8 {[%emt 0:03:30]} 22. Qe4 {[%emt 0:09:00]} Qxa4 {[%emt 0:15:30]} 23. Qxb7 {[%emt 0:02:30]} Rd8 {[%emt 0:06:30]} 24. Bd4 {[%emt 0:05:30]} Rd7 {[%emt 0:01:30]} 25. Qe4 {[%emt 0:01:30]} Nc7 {[%emt 0:03:04]} 26. Ra1 {[%emt 0:03:30]} Qxb4 {[%emt 0:00:24]} 27. Rxa7 {[%emt 0:00:30]} Re7 {[%emt 0:02:38]} 28. Qh4 {[%emt 0:04:25]} f6 {[%emt 0:07:27]} 29. Qh5 {[%emt 0:09:08]} Ne6 {[%emt 0:00:44]} 30. Bc5 {[%emt 0:00:17]} Nxc5 {[%emt 0:03:37]} 31. Rxe7 {[%emt 0:00:05]} Na4 {[%emt 0:01:15]} 32. Qd5+ {[%emt 0:02:01]} Kh8 {[%emt 0:00:05]} 33. Qd7 {[%emt 0:01:31]} Nc5 {[%emt 0:01:37]} 34. Qa7 {[%emt 0:02:16]} Rg8 {[%emt 0:00:21]} 35. Rxf6 {[%emt 0:00:57]} Ne4 {[%emt 0:02:16]} 36. Rf1 {[%emt 0:00:03]} Nc3 {[%emt 0:00:35]} 37. Ref7 {[%emt 0:01:41]} Qh4 {[%emt 0:01:30]} 38. Qc7 {[%emt 0:00:57]} Ne2+ {[%emt 0:00:39]} 39. Kh1 {[%emt 0:00:04]} h6 {[%emt 0:00:19]} 40. Rf8 {[%emt 0:00:00]} Qh5 {[%emt 0:01:29]} 41. Rxg8+ {[%emt 0:04:35]} Kxg8 {[%emt 0:00:00]} 42. Qc8+ {[%emt 0:00:30]} Kh7 {[%emt 0:00:00]} 43. Qf5+ {[%emt 0:00:30]} Qxf5 {[%emt 0:00:30]} 44. Rxf5 {[%emt 0:00:30]} Kg6 {[%emt 0:00:30]} 45. g4 {[%emt 0:00:30]} Nc3 {[%emt 0:00:30]} 46. Kg2 {[%emt 0:00:00]} Ne4 {[%emt 0:00:00]} 47. h4 {[%emt 0:00:00]} Nf6 {[%emt 0:00:00]} 48. Kf3 {[%emt 0:00:30]} h5 {[%emt 0:00:00]} 49. Rxf6+ {[%emt 0:01:30]} gxf6 {[%emt 0:00:00]} 50. Kf4 {[%emt 0:00:30]} hxg4 {[%emt 0:00:30]} 51. Kxg4 {[%emt 0:00:00]} f5+ {[%emt 0:01:30]} 52. Kf4 {[%emt 0:00:00]} Kf6 {[%emt 0:00:00]} 53. h5 {[%emt 0:00:00]} 1-0

[Event "Turkey IS Bank Super League 2017"]
[Site "Darica-Kocaeli"]
[Date "2017.07.30"]
[Round "5"]
[White "Agdelen, Huseyin Can"]
[Black "Haznedaroglu, Kivanc"]
[Result "0-1"]
[WhiteElo "2309"]
[BlackElo "2471"]
[Annotator "TA"]
[PlyCount "98"]
[EventType "team-tourn"]
[EventCountry "TUR"]
[SourceTitle "playchess.com"]
[Source "ChessBase"]
[SourceQuality "1"]

{[%evp 29,98,14,23,-4,16,16,40,0,10,-2,14,0,7,-13,2,-19,8,6,8,6,14,13,35,11,24,5,20,6,11,11,23,-10,2,0,0,0,0,0,4,8,12,-24,0,-22,-30,-69,-29,-134,-139,-163,-140,-163,-158,-154,-133,-113,-41,-35,-35,-35,-35,-38,-35,-37,-35,-40,-39,-39,-43,-497,-489]} 1. e4 e5 2. Nf3 Nc6 3. Bb5 a6 4. Ba4 Nf6 5. O-O Be7 6. Re1 b5 7. Bb3 d6 8. c3 O-O 9. h3 Nb8 10. d4 Nbd7 11. Nbd2 Bb7 12. Bc2 Re8 13. Nf1 Bf8 14. Ng3 g6 15. b3 Bg7 {LiveBook: 241 Games} 16. Bb2 {C95: Closed Ruy Lopez: Breyer Variation with 10 d4} (16. d5 Rc8 17. c4 c6 18. Be3 Nb6 19. Nd2 cxd5 20. cxd5 Nbxd5 21. exd5 Nxd5 22. Nf3 Nxe3 23. fxe3 d5 24. Qd2 {0-1 (76) McShane,L (2671)-Adams,M (2744) London 2016}) 16... c6 17. Qd2 Qc7 18. Rad1 {White is slightly better.} Rad8 19. Qc1 {[#]} Nb6 $146 ({Predecessor:} 19... Nf8 20. Qa1 N6d7 21. Bd3 Ne6 22. Bf1 exd4 23. cxd4 d5 24. exd5 cxd5 {½-½ (48) Sevian,S (2371)-Ramirez,A (2551) Saint Louis 2013}) 20. Bb1 Nfd7 {[%cal Bf6d7,Bd7f8,Bf8e6][%mdl 32]} 21. Nh2 Nf8 22. Ne2 Ne6 23. f4 exf4 24. Nxf4 Bc8 25. Rf1 Qe7 26. Nxe6 Bxe6 27. Qf4 a5 28. Ng4 Bxg4 29. Qxg4 c5 30. Kh1 b4 31. Qf3 Rc8 32. a3 bxc3 33. Bxc3 cxd4 34. Bxa5 Nd7 35. Bb4 Nc5 36. Rde1 Qe6 37. Bxc5 Rxc5 38. Ba2 {[#]} (38. Qf2 $11) 38... Rc2 $1 $17 {[%cal Rc2a2]} 39. Re2 Rec8 40. Bb1 R2c3 41. Qf2 Be5 ({Worse is} 41... Rxb3 42. Ba2 $14) 42. b4 Rc1 ({Black should try} 42... Bg3 $17 43. Ba2 Bxf2 44. Bxe6 fxe6 45. Rexf2 Rxa3) 43. Ba2 $1 $15 {[%cal Ra2e6] [#]} d3 $1 {[%mdl 512]} 44. Ree1 (44. Bxe6 $2 Rxf1+ 45. Qxf1 dxe2 $19) 44... Rxe1 45. Rxe1 (45. Bxe6 $2 {perishes.} Rxf1+ 46. Qxf1 fxe6 $19) 45... Qe7 46. Rf1 {[%cal Ra2f7]} Kh8 $36 {[%mdl 2048] Black has some pressure.} 47. Qe3 Qh4 {Threatens to win with ...d2!} 48. Bxf7 ({Avoid the trap} 48. Qxd3 $2 Rc3 $19) 48... d2 {( -> ...Rc3)} 49. Be6 $2 {[%mdl 8192] [#]} ({White has to play} 49. Bb3 $1 $15) 49... Qf6 $1 {[%mdl 512] Precision: White = 24%, Black = 59%.} 0-1

[Event "Turkey IS Bank Super League 2017"]
[Site "Darica-Kocaeli"]
[Date "2017.07.30"]
[Round "5"]
[White "Ozturk, Kubra"]
[Black "Muzychuk, Anna"]
[Result "0-1"]
[WhiteElo "2298"]
[BlackElo "2572"]
[Annotator "TA"]
[PlyCount "74"]
[EventType "team-tourn"]
[EventCountry "TUR"]
[SourceTitle "playchess.com"]
[Source "ChessBase"]
[SourceQuality "1"]

{[%evp 18,74,14,-2,31,0,0,0,0,-12,-12,-29,-26,-28,-37,-37,-41,-36,-35,-38,-38,-21,-28,-39,-17,-20,-29,-20,-20,-26,-21,-21,-12,-29,-37,-11,-13,-23,-18,-243,-201,-274,-103,-126,-70,-525,-521,-516,-511,-720,-694,-1077,-1038,-6379,-864,-910,-895,-1462,-646]} 1. d4 Nf6 2. c4 c5 3. d5 e6 4. Nc3 exd5 5. cxd5 d6 6. g3 g6 7. Bg2 Bg7 8. Nf3 O-O 9. O-O Re8 10. Bf4 Bf5 {A62: Modern Benoni: Fianchetto Variation without early ...Nbd7} 11. Nd2 (11. Nh4 Bc8 12. Qd2 a6 13. a4 Qe7 14. h3 Nbd7 15. e4 Rb8 16. Nf3 b5 17. axb5 axb5 18. Rfe1 {½-½ (47) Inarkiev,E (2727)-Harikrishna,P (2750) Moscow 2017}) 11... Nh5 12. e4 Nxf4 {The position is equal.} 13. gxf4 Bd7 14. Nc4 Bxc3 15. bxc3 Bb5 16. Qb3 Bxc4 17. Qxc4 Nd7 {[%cal Bb8d7,Bd7f6,Bf6h5,Bh5f4][%mdl 32]} 18. Qd3 {[#]} c4 $146 19. Qxc4 Qh4 20. Qc7 Nf6 21. Qxd6 Nh5 22. f3 Nxf4 23. Rf2 Qg5 $36 {[%mdl 2048] [#] ...Nh3+ is the strong threat. Black fights for an advantage.} 24. Kh1 Rac8 25. Qd7 Qe5 26. Qxb7 Rxc3 {aiming for ...Nd3.} 27. Raf1 Qd4 28. h3 $2 {[#]} (28. Qb1 $11 {and White has nothing to worry.}) 28... Rec8 {[%mdl 1024] Black has strong compensation.} 29. Qb1 a5 $2 (29... Nh5 $19 {and Black stays clearly on top. White must now prevent ...Ng3+.} 30. Kg1 Ng3) 30. Rb2 Kg7 ({Black should play} 30... a4 $17) 31. Qe1 $2 {[%mdl 8192]} ({White should try} 31. Qa1 $15) 31... Rc2 $19 {Black is clearly winning.} 32. Rxc2 Rxc2 33. Qg3 Nxg2 34. d6 Ne3 35. Re1 Nc4 (35... Nd1 $142 36. f4 Rxa2) 36. e5 Qd2 37. a4 Rc1 {Precision: White = 34%, Black = 61%.} (37... Ne3 $142 38. Qg1 Nf5) 0-1

[Event "Turkey IS Bank Super League 2017"]
[Site "Darica-Kocaeli"]
[Date "2017.07.30"]
[Round "5"]
[White "Tuncer, Tuna"]
[Black "Gokerkan, Cem Kaan"]
[Result "1-0"]
[WhiteElo "2274"]
[BlackElo "2321"]
[Annotator "NA"]
[PlyCount "69"]
[EventType "team-tourn"]
[EventCountry "TUR"]
[SourceTitle "playchess.com"]
[Source "ChessBase"]
[SourceQuality "1"]
[TimeControl "40/5400+30:1800+30"]

1. e4 {[%emt 0:00:30]} g6 {[%emt 0:02:00]} 2. d4 {[%emt 0:00:30]} Bg7 {[%emt 0:01:30]} 3. Nc3 {[%emt 0:01:30]} d6 {[%emt 0:00:00]} 4. f4 {[%emt 0:01:30]} Nf6 {[%emt 0:01:00]} 5. a3 {[%emt 0:03:30]} O-O {[%emt 0:04:30]} 6. Nf3 {[%emt 0:00:30]} Na6 {[%emt 0:25:30]} 7. e5 {[%emt 0:03:30]} dxe5 {[%emt 0:00:30]} 8. fxe5 {[%emt 0:01:30]} Nd5 $11 {[%emt 0:03:30]} 9. Bc4 {[%emt 0:02:30]} c6 {[%emt 0:05:30]} 10. O-O {[%emt 0:11:30]} Nac7 {[%emt 0:00:00]} 11. Qe2 {[%emt 0:08:30]} Kh8 {[%emt 0:11:00]} 12. h3 {[%emt 0:08:30]} f6 {[%emt 0:04:30]} 13. Bd2 {[%emt 0:03:30]} Bf5 {[%emt 0:03:30]} 14. Bb3 {[%emt 0:04:30]} Nxc3 {[%emt 0:02:30]} 15. bxc3 {[%emt 0:05:30]} Qd7 {[%emt 0:02:30]} 16. Rae1 {[%emt 0:00:30]} Rae8 {[%emt 0:00:30]} 17. e6 {[%emt 0:00:30]} Qd6 {[%emt 0:03:30]} 18. g4 {[%emt 0:00:30]} Bxe6 {[%emt 0:10:35]} 19. Bxe6 {[%emt 0:01:30]} Nxe6 {[%emt 0:00:24]} 20. Qxe6 {[%emt 0:00:30]} Qg3+ {[%emt 0:00:30]} 21. Kh1 {[%emt 0:00:00]} Qxh3+ {[%emt 0:01:39]} 22. Nh2 {[%emt 0:00:00]} f5 {[%emt 0:01:28]} 23. g5 {[%emt 0:04:30]} c5 {[%emt 0:00:52]} 24. Rf3 {[%emt 0:00:30]} Qh4 {[%emt 0:00:21]} 25. dxc5 {[%emt 0:19:01]} Rd8 {[%emt 0:00:36]} 26. Bf4 {[%emt 0:01:24]} Rd5 {[%emt 0:05:59]} 27. Qxe7 {[%emt 0:07:24]} Rxc5 {[%emt 0:02:16]} 28. Rd1 {[%emt 0:00:59]} Rcc8 {[%emt 0:01:47]} 29. Be5 {[%emt 0:00:42]} Rg8 {[%emt 0:01:03]} 30. Bxg7+ {[%emt 0:00:08]} Rxg7 {[%emt 0:00:30]} 31. Rd8+ {[%emt 0:00:30]} Rxd8 {[%emt 0:00:30]} 32. Qxd8+ {[%emt 0:00:30]} Rg8 {[%emt 0:00:30]} 33. Qf6+ {[%emt 0:00:30]} Rg7 {[%emt 0:00:30]} 34. Re3 {[%emt 0:00:30]} h6 {[%emt 0:00:30]} 35. Re7 {[%emt 0:00:00]} 1-0